Načítá se...
The Paradoxes of democracy
| Hlavní autoři: | , |
|---|---|
| Médium: | Printed Book |
| Vydáno: |
New Delhi, Gian Publishing House
1988
|
| LEADER | 004730000a22001570004500 | ||
|---|---|---|---|
| 020 | |a 81-212-0111-X | ||
| 082 | |a 321.8 M8 | ||
| 100 | |a Hermet, Guy; Ed | ||
| 100 | |a Trinidade, Helgio; Ed | ||
| 245 | |a The Paradoxes of democracy | ||
| 260 | |a New Delhi, Gian Publishing House | ||
| 260 | |c 1988 | ||
| 465 | |a R 225 | ||
| 942 | |c BK | ||
| 999 | |c 7303 |d 7303 | ||
| 952 | |0 0 |1 0 |4 0 |6 321_800000000000000_M8 |7 0 |8 ENG |9 7097 |a MGUL |b MGUL |d 2013-07-16 |e R 225 |l 0 |o 321.8 M8 |p 06450 |r 2013-07-16 |w 2013-07-16 |y BK | ||